000
00236nam a2200097Ia 4500
001
721446
005
20250826163252.0
008
250824s9999 xx 000 0 und d
245
0
_a
SAFİYE SULTAN
_c
M.TURHAN TAN
260
_b
PANAMA YAYINLARI
999
_c
721446
_d
721446